[Event "8th Arber Open"]
[Site "chess24.com"]
[Date "2019.08.04"]
[Round "9"]
[White "Schreib, Marc"]
[Black "Fauth, Dietmar, Dr."]
[Result "0-1"]
[Board "28"]
[WhiteElo "1839"]
[WhiteTeam "SK Neuperlach"]
[WhiteCountry "GER"]
[WhiteFideId "24653810"]
[WhiteEloChange "-3"]
[BlackElo "2122"]
[BlackTeam "Muenchener SC"]
[BlackCountry "GER"]
[BlackFideId "4629795"]
[BlackEloChange "3"]

1. d4 {[%clk 1:30:30]} Nf6 {[%clk 1:30:30]} 2. Bf4 {[%clk 1:30:30]} d5 {[%clk
1:30:30]} 3. e3 {[%clk 1:30:30]} c5 {[%clk 1:30:30]} 4. c3 {[%clk 1:30:30]} Nc6
{[%clk 1:30:30]} 5. Nf3 {[%clk 1:30:30]} Qb6 {[%clk 1:30:30]} 6. Qb3 {[%clk
1:30:30]} c4 {[%clk 1:30:30]} 7. Qxb6 {[%clk 1:30:30]} axb6 {[%clk 1:30:30]} 8.
Na3 {[%clk 1:30:30]} Na7 {[%clk 1:30:30]} 9. Nb1 {[%clk 1:30:30]} Bf5 {[%clk
1:30:30]} 10. Nbd2 {[%clk 1:30:30]} b5 {[%clk 1:30:30]} 11. a3 {[%clk 1:30:30]}
Nc6 {[%clk 1:30:30]} 12. Rc1 {[%clk 1:30:30]} h6 {[%clk 1:30:30]} 13. Be2 {[%clk
1:30:30]} Nd7 {[%clk 1:30:30]} 14. Bd1 {[%clk 1:30:30]} g5 {[%clk 1:30:30]} 15.
Bg3 {[%clk 1:30:30]} Bg7 {[%clk 1:30:30]} 16. h3 {[%clk 1:30:30]} f6 {[%clk
1:30:30]} 17. Bc2 {[%clk 1:30:30]} Bxc2 {[%clk 1:30:30]} 18. Rxc2 {[%clk
1:30:30]} f5 {[%clk 1:30:30]} 19. O-O {[%clk 1:30:30]} O-O {[%clk 1:30:30]} 20.
Bh2 {[%clk 1:30:30]} Rae8 {[%clk 1:30:30]} 21. Rd1 {[%clk 1:30:30]} Kh7 {[%clk
1:30:30]} 22. Rcc1 {[%clk 1:30:30]} Bf6 {[%clk 1:30:30]} 23. Ne1 {[%clk 1:30:30]}
Rg8 {[%clk 1:30:30]} 24. Nc2 {[%clk 1:30:30]} e6 {[%clk 1:30:30]} 25. Bd6 {[%clk
1:30:30]} Be7 {[%clk 1:30:30]} 26. Bb4 {[%clk 1:30:30]} h5 {[%clk 1:30:30]} 27.
f3 {[%clk 1:30:30]} Nf6 {[%clk 1:30:30]} 28. Kh1 {[%clk 1:30:30]} h4 {[%clk
1:30:30]} 29. Re1 {[%clk 1:30:30]} g4 {[%clk 1:30:30]} 30. fxg4 {[%clk 1:30:30]}
fxg4 {[%clk 1:30:30]} 31. Rf1 {[%clk 1:30:30]} Nxb4 {[%clk 1:30:30]} 32. axb4
{[%clk 1:30:30]} Nh5 {[%clk 1:30:30]} 33. Rf2 {[%clk 1:30:30]} gxh3 {[%clk
1:30:30]} 34. Nf1 {[%clk 1:30:30]} Rg7 {[%clk 1:30:30]} 35. gxh3 {[%clk 1:30:30]}
Reg8 {[%clk 1:30:30]} 36. Nh2 {[%clk 1:30:30]} Ng3+ {[%clk 1:30:30]} 0-1

[Event "8th Arber Open"]
[Site "chess24.com"]
[Date "2019.08.04"]
[Round "9"]
[White "Titz, Heimo"]
[Black "Brands, Kevin"]
[Result "0-1"]
[Board "29"]
[WhiteElo "2048"]
[WhiteTeam "OESTERREICH"]
[WhiteTitle "FM"]
[WhiteCountry "AUT"]
[WhiteFideId "1601520"]
[WhiteEloChange "-16"]
[BlackElo "1799"]
[BlackTeam "HOLLAND"]
[BlackCountry "NED"]
[BlackFideId "1054872"]
[BlackEloChange "16"]

1. c4 {[%clk 1:30:30]} g6 {[%clk 1:30:30]} 2. Nc3 {[%clk 1:30:30]} Nf6 {[%clk
1:30:30]} 3. e4 {[%clk 1:30:30]} e5 {[%clk 1:30:30]} 4. Nf3 {[%clk 1:30:30]} Nc6
{[%clk 1:30:30]} 5. d4 {[%clk 1:30:30]} exd4 {[%clk 1:30:30]} 6. Nxd4 {[%clk
1:30:30]} Bg7 {[%clk 1:30:30]} 7. Be3 {[%clk 1:30:30]} O-O {[%clk 1:30:30]} 8.
Be2 {[%clk 1:30:30]} d6 {[%clk 1:30:30]} 9. O-O {[%clk 1:30:30]} Re8 {[%clk
1:30:30]} 10. Nxc6 {[%clk 1:30:30]} bxc6 {[%clk 1:30:30]} 11. Bf3 {[%clk
1:30:30]} Rb8 {[%clk 1:30:30]} 12. Rb1 {[%clk 1:30:30]} c5 {[%clk 1:30:30]} 13.
b3 {[%clk 1:30:30]} Bb7 {[%clk 1:30:30]} 14. Qc2 {[%clk 1:30:30]} Qd7 {[%clk
1:30:30]} 15. Rbd1 {[%clk 1:30:30]} Qe6 {[%clk 1:30:30]} 16. Nd5 {[%clk 1:30:30]}
Bxd5 {[%clk 1:30:30]} 17. exd5 {[%clk 1:30:30]} Qd7 {[%clk 1:30:30]} 18. h3
{[%clk 1:30:30]} a5 {[%clk 1:30:30]} 19. Bd2 {[%clk 1:30:30]} Ra8 {[%clk
1:30:30]} 20. Rfe1 {[%clk 1:30:30]} a4 {[%clk 1:30:30]} 21. b4 {[%clk 1:30:30]}
cxb4 {[%clk 1:30:30]} 22. Bxb4 {[%clk 1:30:30]} a3 {[%clk 1:30:30]} 23. Rxe8+
{[%clk 1:30:30]} Qxe8 {[%clk 1:30:30]} 24. Rd3 {[%clk 1:30:30]} Qa4 {[%clk
1:30:30]} 25. Qxa4 {[%clk 1:30:30]} Rxa4 {[%clk 1:30:30]} 26. Rb3 {[%clk
1:30:30]} Nd7 {[%clk 1:30:30]} 27. Bxa3 {[%clk 1:30:30]} Rxc4 {[%clk 1:30:30]}
0-1

[Event "8th Arber Open"]
[Site "chess24.com"]
[Date "2019.08.04"]
[Round "9"]
[White "Villani, Cristian"]
[Black "Nahlik, Bernhard, Dr."]
[Result "1/2-1/2"]
[Board "30"]
[WhiteElo "2017"]
[WhiteTeam "SK Durlach"]
[WhiteCountry "GER"]
[WhiteFideId "24635898"]
[WhiteEloChange "-7"]
[BlackElo "1744"]
[BlackTeam "SC Ansbach"]
[BlackCountry "GER"]
[BlackFideId "12904600"]
[BlackEloChange "7"]

1. Nf3 {[%clk 1:30:30]} Nf6 {[%clk 1:30:30]} 2. d4 {[%clk 1:30:30]} g6 {[%clk
1:30:30]} 3. Bf4 {[%clk 1:30:30]} Bg7 {[%clk 1:30:30]} 4. e3 {[%clk 1:30:30]} O-O
{[%clk 1:30:30]} 5. Nbd2 {[%clk 1:30:30]} c5 {[%clk 1:30:30]} 6. c3 {[%clk
1:30:30]} b6 {[%clk 1:30:30]} 7. Bd3 {[%clk 1:30:30]} Nc6 {[%clk 1:30:30]} 8. h3
{[%clk 1:30:30]} Bb7 {[%clk 1:30:30]} 9. O-O {[%clk 1:30:30]} d5 {[%clk 1:30:30]}
10. Ne5 {[%clk 1:30:30]} Nd7 {[%clk 1:30:30]} 11. Nxc6 {[%clk 1:30:30]} Bxc6
{[%clk 1:30:30]} 12. Bh2 {[%clk 1:30:30]} e5 {[%clk 1:30:30]} 13. dxe5 {[%clk
1:30:30]} Nxe5 {[%clk 1:30:30]} 14. Be2 {[%clk 1:30:30]} Qe7 {[%clk 1:30:30]} 15.
Nf3 {[%clk 1:30:30]} Rad8 {[%clk 1:30:30]} 16. Re1 {[%clk 1:30:30]} Nxf3+ {[%clk
1:30:30]} 17. Bxf3 {[%clk 1:30:30]} Qb7 {[%clk 1:30:30]} 18. Qc2 {[%clk 1:30:30]}
Rfe8 {[%clk 1:30:30]} 19. Rad1 {[%clk 1:30:30]} h5 {[%clk 1:30:30]} 20. Re2
{[%clk 1:30:30]} Rd7 {[%clk 1:30:30]} 21. Red2 {[%clk 1:30:30]} Red8 {[%clk
1:30:30]} 22. Bf4 {[%clk 1:30:30]} Bf6 {[%clk 1:30:30]} 23. a4 {[%clk 1:30:30]}
b5 {[%clk 1:30:30]} 24. a5 {[%clk 1:30:30]} b4 {[%clk 1:30:30]} 25. Ra1 {[%clk
1:30:30]} b3 {[%clk 1:30:30]} 26. Qc1 {[%clk 1:30:30]} a6 {[%clk 1:30:30]} 27.
Ra3 {[%clk 1:30:30]} 1/2-1/2

[Event "8th Arber Open"]
[Site "chess24.com"]
[Date "2019.08.04"]
[Round "9"]
[White "Pfeifer, Wilfried"]
[Black "Van Hoorebeke, Jimmy"]
[Result "1/2-1/2"]
[Board "31"]
[WhiteElo "1916"]
[WhiteTeam "TSF Ditzingen"]
[WhiteCountry "GER"]
[WhiteFideId "4643631"]
[WhiteEloChange "-6"]
[BlackElo "1700"]
[BlackTeam "BELGIEN"]
[BlackCountry "BEL"]
[BlackFideId "222224"]
[BlackEloChange "6"]

1. f4 {[%clk 1:30:30]} d5 {[%clk 1:30:30]} 2. Nf3 {[%clk 1:30:30]} Nf6 {[%clk
1:30:30]} 3. e3 {[%clk 1:30:30]} Bf5 {[%clk 1:30:30]} 4. b4 {[%clk 1:30:30]} c6
{[%clk 1:30:30]} 5. a4 {[%clk 1:30:30]} Qb6 {[%clk 1:30:30]} 6. Ba3 {[%clk
1:30:30]} e6 {[%clk 1:30:30]} 7. b5 {[%clk 1:30:30]} Bxa3 {[%clk 1:30:30]} 8.
Nxa3 {[%clk 1:30:30]} O-O {[%clk 1:30:30]} 9. Be2 {[%clk 1:30:30]} cxb5 {[%clk
1:30:30]} 10. Nxb5 {[%clk 1:30:30]} a6 {[%clk 1:30:30]} 11. Nbd4 {[%clk 1:30:30]}
Be4 {[%clk 1:30:30]} 12. O-O {[%clk 1:30:30]} Nc6 {[%clk 1:30:30]} 13. Nxc6
{[%clk 1:30:30]} Qxc6 {[%clk 1:30:30]} 14. Nd4 {[%clk 1:30:30]} Qd7 {[%clk
1:30:30]} 15. d3 {[%clk 1:30:30]} Bg6 {[%clk 1:30:30]} 16. Qd2 {[%clk 1:30:30]}
Rac8 {[%clk 1:30:30]} 17. Qa5 {[%clk 1:30:30]} Rc7 {[%clk 1:30:30]} 18. Rab1
{[%clk 1:30:30]} Rfc8 {[%clk 1:30:30]} 19. Rb6 {[%clk 1:30:30]} Ne8 {[%clk
1:30:30]} 20. Qb4 {[%clk 1:30:30]} Qe7 {[%clk 1:30:30]} 21. Qxe7 {[%clk 1:30:30]}
Rxe7 {[%clk 1:30:30]} 22. Rfb1 {[%clk 1:30:30]} Rcc7 {[%clk 1:30:30]} 23. Kf2
{[%clk 1:30:30]} Red7 {[%clk 1:30:30]} 24. Ke1 {[%clk 1:30:30]} Nd6 {[%clk
1:30:30]} 25. Kd2 {[%clk 1:30:30]} Kf8 {[%clk 1:30:30]} 26. g4 {[%clk 1:30:30]}
h6 {[%clk 1:30:30]} 27. h4 {[%clk 1:30:30]} Ke7 {[%clk 1:30:30]} 28. h5 {[%clk
1:30:30]} Bh7 {[%clk 1:30:30]} 29. g5 {[%clk 1:30:30]} hxg5 {[%clk 1:30:30]} 30.
fxg5 {[%clk 1:30:30]} Kd8 {[%clk 1:30:30]} 31. Bg4 {[%clk 1:30:30]} Ke7 {[%clk
1:30:30]} 32. Rh1 {[%clk 1:30:30]} Rd8 {[%clk 1:30:30]} 33. Rb2 {[%clk 1:30:30]}
e5 {[%clk 1:30:30]} 34. g6 {[%clk 1:30:30]} Bxg6 {[%clk 1:30:30]} 35. hxg6 {[%clk
1:30:30]} exd4 {[%clk 1:30:30]} 36. exd4 {[%clk 1:30:30]} fxg6 {[%clk 1:30:30]}
37. Rbb1 {[%clk 1:30:30]} Nf5 {[%clk 1:30:30]} 38. Rbe1+ {[%clk 1:30:30]} 1/2-1/2

[Event "8th Arber Open"]
[Site "chess24.com"]
[Date "2019.08.04"]
[Round "9"]
[White "Schmitz, Tim"]
[Black "Liebold, Aaron"]
[Result "0-1"]
[Board "32"]
[WhiteElo "1870"]
[WhiteTeam "SC Sendling"]
[WhiteCountry "GER"]
[WhiteFideId "1270221"]
[WhiteEloChange "-8"]
[BlackElo "1944"]
[BlackTeam "ESV Gera"]
[BlackCountry "GER"]
[BlackFideId "12997846"]
[BlackEloChange "8"]

1. e4 {[%clk 1:30:30]} c5 {[%clk 1:30:30]} 2. Nf3 {[%clk 1:30:30]} d6 {[%clk
1:30:30]} 3. d4 {[%clk 1:30:30]} cxd4 {[%clk 1:30:30]} 4. Nxd4 {[%clk 1:30:30]}
Nf6 {[%clk 1:30:30]} 5. Nc3 {[%clk 1:30:30]} a6 {[%clk 1:30:30]} 6. Bg5 {[%clk
1:30:30]} Nbd7 {[%clk 1:30:30]} 7. Bc4 {[%clk 1:30:30]} e6 {[%clk 1:30:30]} 8. f4
{[%clk 1:30:30]} Qa5 {[%clk 1:30:30]} 9. Qd2 {[%clk 1:30:30]} Be7 {[%clk
1:30:30]} 10. O-O-O {[%clk 1:30:30]} O-O {[%clk 1:30:30]} 11. Rhe1 {[%clk
1:30:30]} h6 {[%clk 1:30:30]} 12. Bxf6 {[%clk 1:30:30]} Nxf6 {[%clk 1:30:30]} 13.
g4 {[%clk 1:30:30]} Qc5 {[%clk 1:30:30]} 14. Bb3 {[%clk 1:30:30]} Nh7 {[%clk
1:30:30]} 15. Kb1 {[%clk 1:30:30]} b5 {[%clk 1:30:30]} 16. e5 {[%clk 1:30:30]}
dxe5 {[%clk 1:30:30]} 17. Rxe5 {[%clk 1:30:30]} Qc7 {[%clk 1:30:30]} 18. Ne4
{[%clk 1:30:30]} Rd8 {[%clk 1:30:30]} 19. Qe2 {[%clk 1:30:30]} Kh8 {[%clk
1:30:30]} 20. g5 {[%clk 1:30:30]} hxg5 {[%clk 1:30:30]} 21. Nxg5 {[%clk 1:30:30]}
Nxg5 {[%clk 1:30:30]} 22. fxg5 {[%clk 1:30:30]} g6 {[%clk 1:30:30]} 23. Qe4
{[%clk 1:30:30]} Kg7 {[%clk 1:30:30]} 24. Qf4 {[%clk 1:30:30]} f6 {[%clk
1:30:30]} 25. gxf6+ {[%clk 1:30:30]} Bxf6 {[%clk 1:30:30]} 26. Re4 {[%clk
1:30:30]} Qxf4 {[%clk 1:30:30]} 27. Rxf4 {[%clk 1:30:30]} e5 {[%clk 1:30:30]} 28.
Rxf6 {[%clk 1:30:30]} Kxf6 {[%clk 1:30:30]} 29. Rf1+ {[%clk 1:30:30]} Bf5 {[%clk
1:30:30]} 30. Ne2 {[%clk 1:30:30]} 0-1

[Event "8th Arber Open"]
[Site "chess24.com"]
[Date "2019.08.04"]
[Round "9"]
[White "Meixner, Torsten"]
[Black "Dosch, Markus"]
[Result "1/2-1/2"]
[Board "34"]
[WhiteElo "1881"]
[WhiteTeam "SK Gernsbach"]
[WhiteCountry "GER"]
[WhiteFideId "16209753"]
[WhiteEloChange "-3"]
[BlackElo "1787"]
[BlackTeam "SK Buchen"]
[BlackCountry "GER"]
[BlackFideId "24698717"]
[BlackEloChange "3"]

1. e4 {[%clk 1:30:30]} e6 {[%clk 1:30:30]} 2. d4 {[%clk 1:30:30]} d5 {[%clk
1:30:30]} 3. exd5 {[%clk 1:30:30]} exd5 {[%clk 1:30:30]} 4. c4 {[%clk 1:30:30]}
Bb4+ {[%clk 1:30:30]} 5. Nc3 {[%clk 1:30:30]} Nf6 {[%clk 1:30:30]} 6. Nf3 {[%clk
1:30:30]} Nc6 {[%clk 1:30:30]} 7. Be2 {[%clk 1:30:30]} dxc4 {[%clk 1:30:30]} 8.
O-O {[%clk 1:30:30]} O-O {[%clk 1:30:30]} 9. Bxc4 {[%clk 1:30:30]} Bg4 {[%clk
1:30:30]} 10. Be3 {[%clk 1:30:30]} Qd6 {[%clk 1:30:30]} 11. Be2 {[%clk 1:30:30]}
1/2-1/2

[Event "8th Arber Open"]
[Site "chess24.com"]
[Date "2019.08.04"]
[Round "9"]
[White "Krauss, Andreas"]
[Black "Heiduk, Christoph"]
[Result "1/2-1/2"]
[Board "35"]
[WhiteElo "1996"]
[WhiteTeam "SV Deggendorf"]
[WhiteCountry "GER"]
[WhiteFideId "1270361"]
[WhiteEloChange "-3"]
[BlackElo "1870"]
[BlackTeam "SC Bayerwald"]
[BlackCountry "GER"]
[BlackFideId "12924520"]
[BlackEloChange "3"]

1. e4 {[%clk 1:30:30]} c5 {[%clk 1:30:30]} 2. c4 {[%clk 1:30:30]} Nc6 {[%clk
1:30:30]} 3. Ne2 {[%clk 1:30:30]} d6 {[%clk 1:30:30]} 4. d4 {[%clk 1:30:30]} cxd4
{[%clk 1:30:30]} 5. Nxd4 {[%clk 1:30:30]} e5 {[%clk 1:30:30]} 6. Nc2 {[%clk
1:30:30]} f5 {[%clk 1:30:30]} 7. exf5 {[%clk 1:30:30]} Bxf5 {[%clk 1:30:30]} 8.
Nc3 {[%clk 1:30:30]} Nf6 {[%clk 1:30:30]} 9. Ne3 {[%clk 1:30:30]} Be6 {[%clk
1:30:30]} 10. g3 {[%clk 1:30:30]} Be7 {[%clk 1:30:30]} 11. Bg2 {[%clk 1:30:30]}
O-O {[%clk 1:30:30]} 12. O-O {[%clk 1:30:30]} Rc8 {[%clk 1:30:30]} 13. b3 {[%clk
1:30:30]} Qd7 {[%clk 1:30:30]} 14. Ncd5 {[%clk 1:30:30]} Rcd8 {[%clk 1:30:30]}
15. Bb2 {[%clk 1:30:30]} Bh3 {[%clk 1:30:30]} 16. Qe2 {[%clk 1:30:30]} Bxg2
{[%clk 1:30:30]} 17. Kxg2 {[%clk 1:30:30]} Qe6 {[%clk 1:30:30]} 18. Rad1 {[%clk
1:30:30]} Nd7 {[%clk 1:30:30]} 19. Qg4 {[%clk 1:30:30]} Qxg4 {[%clk 1:30:30]} 20.
Nxg4 {[%clk 1:30:30]} h5 {[%clk 1:30:30]} 21. Nge3 {[%clk 1:30:30]} Bf6 {[%clk
1:30:30]} 22. h3 {[%clk 1:30:30]} Nc5 {[%clk 1:30:30]} 23. Nxf6+ {[%clk 1:30:30]}
Rxf6 {[%clk 1:30:30]} 24. f4 {[%clk 1:30:30]} Ne6 {[%clk 1:30:30]} 25. fxe5
{[%clk 1:30:30]} dxe5 {[%clk 1:30:30]} 26. Rxd8+ {[%clk 1:30:30]} Nexd8 {[%clk
1:30:30]} 27. Nd5 {[%clk 1:30:30]} Rxf1 {[%clk 1:30:30]} 28. Kxf1 {[%clk
1:30:30]} Kf7 {[%clk 1:30:30]} 29. Kf2 {[%clk 1:30:30]} Ke6 {[%clk 1:30:30]} 30.
g4 {[%clk 1:30:30]} hxg4 {[%clk 1:30:30]} 31. hxg4 {[%clk 1:30:30]} Nf7 {[%clk
1:30:30]} 32. Ke3 {[%clk 1:30:30]} 1/2-1/2